Quiz Culture Générale – Niveau Intermédiaire #5 - Statistiques

Statistiques générales
  • Ce quiz a été pris 165 fois
  • Le résultat moyen est 12 sur 15
Statistiques - réponses
Question Réponse % Correct
Dans quelle ville américaine se trouve la Statue de la Liberté ? New York
96%
Quel écrivain français a écrit Les Misérables ? Victor Hugo
95%
Combien de continents existe-t-il ? 7
94%
Quel est le sport pratiqué lors du Tour de France ? Cyclisme
91%
Quel scientifique a découvert la loi de la gravitation universelle ? Isaac Newton
91%
Quel est le nom du dieu grec de la mer ? Poséidon
90%
Quelle est la capitale de la Suède ? Stockholm
90%
Quel est le pays natal de Nelson Mandela ? Afrique du Sud
89%
Quelle est la monnaie utilisée au Royaume-Uni ? Livre sterling
84%
Combien de chromosomes possède l’être humain (en paire) ? 23 paires (soit 46 chromosomes)
83%
Qui a peint le plafond de la chapelle Sixtine ? Michel-Ange
82%
Quel est le nom de l’organe qui filtre le sang ? Le rein
78%
Quel est le pays d’origine du compositeur Chopin ? Pologne
55%
Quel est le symbole chimique du potassium ? K
53%
Quel est l’élément principal utilisé dans les piles alcalines ? Zinc
12%
Aucun quiz correspondant
Distribution des résultats
% des personnes avec chaque résultat
Percentile par nombre de réponses
Votre historique - résultats
Vous n’avez pas pris ce quiz